Rivers of North Rhine-Westphalia - Map Quiz - Statistics

General Stats
  • This quiz has been taken 66 times
  • The average score is 11 of 20
Answers on the Map
Answers color-coded by a green-red scale on the quiz's map according to % correct below.
 
Answer Stats
Answer % Correct
Rhine
96%
Ruhr
88%
Wupper
85%
Düssel
81%
Ems
75%
Sieg
75%
Maas
71%
Lippe
69%
Ijssel
67%
Erft
65%
Weser
63%
Rur
50%
Emscher
50%
Möhne
38%
Lenne
35%
Niers
35%
Diemel
31%
Bigge
25%
Emmer
25%
Vechte
19%
No matching quizzes found
Score Distribution
Percent of People with Each Score
Percentile by Number Answered
Your Score History
You have not taken this quiz